| 000 | 00652cam a2200241 4500 | ||
|---|---|---|---|
| 001 | ABS65811 | ||
| 008 | 020823n2002 000 0 eng u | ||
| 035 | _a(Sirsi) u119425 | ||
| 245 | _aFocus 2002: Isle of Man and the Channel Islands | ||
| 260 | _c2002 | ||
| 490 |
_aEstates Gazette _v(0233) 17 August 2002, 43-53(10) |
||
| 590 | _aABS | ||
| 650 | _aISLE OF MAN | ||
| 650 | _aCHANNEL ISLANDS | ||
| 650 | _aJERSEY | ||
| 650 | _aGUERNSEY | ||
| 650 | _aPLANNING SYSTEM | ||
| 650 | _aPROPERTY MARKET | ||
| 650 | _aTAX ISSUES | ||
| 650 | _aHOUSING MARKET | ||
| 690 | _aPROPERTY-COMMERCIAL PROPERTY-COMMERCIAL PROPERTY MARKET | ||
| 942 | _n0 | ||
| 999 |
_c71003 _d71003 |
||